Biblioteca

Enfoques hacia la paz: Una perspectiva de los habitantes del barrio La Sierra de la ciudad de Medellín; más una perspectiva desde la óptica evangélica / Hugo Alexander Oquendo Torres, Cristian Camilo Peña Pérez, Gerson Enrique Tocora Aragón (Registro nro. 43607)

Detalles MARC
000 -LÍDER
Campo fijo de descripción fija 007770000a22001450004500
001 - NÚMERO DE CONTROL
Campo de control 14767
100 1# - ASIENTO PRINCIPAL--NOMBRE PERSONAL
Nombre personal Oquendo Torres, Hugo Alexander
245 10 - TÍTULO
Título del Material Enfoques hacia la paz: Una perspectiva de los habitantes del barrio La Sierra de la ciudad de Medellín; más una perspectiva desde la óptica evangélica / Hugo Alexander Oquendo Torres, Cristian Camilo Peña Pérez, Gerson Enrique Tocora Aragón
260 ## - PUBLICACIÓN, DISTRIBUCIÓN, ETC. (PIE DE IMPRENTA)
Lugar de publicación, distribución, etc. Medellín : FUSBC
300 ## - DESCRIPCIÓN FÍSICA
Extensión 92 Pág
500 ## - NOTA GENERAL
Nota General Asesor: Dr. Fernando Abilio Mosquera Brand
942 ## - TIPO DE MATERIAL (KOHA)
Tipo de Item KOHA Libros General
Existencias
Estado de Material Estado de Perdido Estado de Dañado No para Préstamo Colección Tomo Biblioteca de Origen Biblioteca Permanente Fecha de Adquisición Total de Préstamos Signatura Topográfica Código de Barras Última vez visto Ejemplar/Existencia Fecha de Remplazo Tipo de Material
        Trabajos de grado   Biblioteca FUSBC Biblioteca FUSBC 15/11/2007   T O629e 16790 12/12/2019 1 26/01/2016 Trabajos de Grado

Biblioteca FUSBC | Teléfono: (57+4) 349 88 10 Ext. 141| WhatsApp (+57) 3005338115 
E-mail: biblioteca@unisbc.edu.co | Calle 76 87-14 Robledo Palenque, Medellín, Colombia

Con tecnología Koha